Culture Générale - Série 1901 - Statistiques

Statistiques générales
  • Ce quiz a été pris 97 fois
  • Le résultat moyen est 5 sur 10
Statistiques - réponses
Question Réponse % Correct
Quelle est la capitale de la Jordanie ? Amman
82%
Comment appelle-t-on les membres de l'Académie française ? immortels
78%
La "canasta" est un jeu de .... cartes
77%
Quel est l'emblème de la ville de Toulouse ? violette
56%
Ce mot désigne un nombre entier et une ville de concile d'Italie trente
53%
Comment appelle-t-on la tige de fer à crans qu'on suspendait autrefois dans une cheminée pour y accrocher une marmite ? crémaillère
46%
De quel pays est originaire le "retsina" - vin blanc aromatisé à la résine de pin ? Grèce
45%
Sur quelle île méditerranéenne se trouve le port de La Canée ? Crète
44%
Dans quel département français se trouve la commune du Cap-d'Ail, qui tire son nom du cap éponyme, situé sur son territoire ? Alpes-Maritimes
42%
Qui a réalisé "Lawrence d'Arabie" en 1962 ? voir photo David Lean
12%
Aucun quiz correspondant
Distribution des résultats
% des personnes avec chaque résultat
Percentile par nombre de réponses
Votre historique - résultats
Vous n’avez pas pris ce quiz